| 000 | 00543nam a2200145Ia 4500 | ||
|---|---|---|---|
| 008 | 170221s9999 xx 000 0 und d | ||
| 100 | _aMuhammad Hassan | ||
| 245 | _aImpact of Differentiated Customer Service, Brand Trust, Brand Commitment, and Brand Salience on Brand Advocacy | ||
| 245 | _cMuhammad Hassan, Arslan Rafi, Syed Sibtain Kazmi | ||
| 260 | _bInternational Review of Management and Marketing | ||
| 260 | _c2012 | ||
| 300 | _a1 : 3 | ||
| 650 | _xMarketing. | ||
| 856 | _uhttp://www.econjournals.com/index.php/irmm/issue/view/77 | ||
| 999 |
_c313979 _d313979 |
||